[3]: I Guermantes /

Gardado en:
Detalles Bibliográficos
Autor Principal: Proust, Marcel (Author)
Outros autores: Enoch, Maurizio
Formato: Libro
Idioma:Lingua italiana
Publicado: Roma : Grandi tascabili economici Newton, 1990
Series:Grandi tascabili economici ; 72
Tags: Engadir etiqueta
Sen Etiquetas, Sexa o primeiro en etiquetar este rexistro!

MARC

LEADER 00000nam a22000007ib4500
001 IT\ICCU\LIA\0167869
003 ItRI
005 20260115232227.0
008 940318s1990 it |||||| ||||| |||||c
040 |b ita  |c importazione bologna sebina 
041 7 |a ita  |2 ISO-639-2 
082 |a 843.9  |9 NARRATIVA FRANCESE, 1900-  |2 21 
100 1 |a Proust, Marcel  |0 IT\ICCU\CFIV\007392  |4 aut 
240 1 0 |a À la recherche du temps perdu, 3: Le côté de Guermantes  |3 IT\ICCU\UMC\0999911  |9 Proust, Marcel 
245 1 7 |a [3]: I Guermantes /  |c Marcel Proust ; traduzione e prefazione di Maurizio Enoch. 
260 |a Roma :  |b Grandi tascabili economici Newton,  |c 1990 
300 |a XXXIII, 450 p. ;  |c 22 cm 
500 |a traduttore  |0 IT\ICCU\LO1V\022459 
700 1 |a Enoch, Maurizio  |0 IT\ICCU\LO1V\022459 
773 0 |w IT\ICCU\LIA\0167859  |t Alla ricerca del tempo perduto  |a Proust, Marcel  |0 IT\ICCU\CFIV\007392 
830 0 |a Grandi tascabili economici ;  |v 72  |0 IT\ICCU\CFI\0133173 
942 |2 ddc  |c BK  |n 0 
952 |0 0  |1 0  |4 0  |6 DOC_843_912000000000000_PRO  |7 0  |9 22392  |a BO  |b BO  |d 2026-01-15  |i 2631  |l 0  |o DOC 843.912 PRO  |p BO2631  |r 2026-01-15 23:22:27  |w 2026-01-15  |x [Sebina 5] [1 v.]  |y BK  |z 1 v. 
999 |c 19124  |d 19124